Central Library OPAC University of Rajshahi

বৃহৎ বঙ্গ : (Record no. 81681)

MARC details
000 -LEADER
fixed length control field 01018nam a2200253 a 4500
001 - CONTROL NUMBER
control field 81681
003 - CONTROL NUMBER IDENTIFIER
rucl marc code BD-RjUL
005 - DATE AND TIME OF LATEST TRANSACTION
control field 20230813152312.0
008 - FIXED-LENGTH DATA ELEMENTS--GENERAL INFORMATION
fixed length control field 230813r20232019ii ||||| |||| 00| 0 ben d
020 ## - INTERNATIONAL STANDARD BOOK NUMBER
International Standard Book Number 9789848116470
035 ## - SYSTEM CONTROL NUMBER
System control number (BD-RjUL)81681
040 ## - CATALOGING SOURCE
Original cataloging agency BD-RjUL
Language of cataloging eng
Transcribing agency BD-RjUL
041 ## - LANGUAGE CODE
Language code of text/sound track or separate title ben
082 ## - DEWEY DECIMAL CLASSIFICATION NUMBER
Edition number 23
Classification number 954.14
Author mark and year SEB 2023
100 ## - MAIN ENTRY--PERSONAL NAME
Personal name সেন, দীনেশচন্দ্র
9 (RLIN) 8328
245 ## - TITLE STATEMENT
Title বৃহৎ বঙ্গ :
Remainder of title সুপ্রাচীন কাল হইতে পলাশীর যুদ্ধ পর্যন্ত /
Statement of responsibility, etc. দীনেশচন্দ্র সেন
260 ## - PUBLICATION, DISTRIBUTION, ETC. (IMPRINT)
Place of publication, distribution, etc. ঢাক :
Name of publisher, distributor, etc. বইপত্র,
Date of publication, distribution, etc. ২০১৯,২০২৩
300 ## - PHYSICAL DESCRIPTION
Pagination খণ্ড:
Illustrations চিত্র;
Size ২২ সেমি.
505 01 - FORMATTED CONTENTS NOTE
Formatted contents note খণ্ড ১ম -- খণ্ড ২য়--
650 ## - SUBJECT ADDED ENTRY--TOPICAL TERM
Topical term or geographic name as entry element বাংলা (ভারত)
General subdivision ইতিহাস
Topical term or geographic name as entry element Bengal (India)
General subdivision History
9 (RLIN) 1261
700 ## - ADDED ENTRY--PERSONAL NAME
Personal name সেন, দীনেশচন্দ্র
942 ## - ADDED ENTRY ELEMENTS (KOHA)
Source of classification or shelving scheme Dewey Decimal Classification
Koha item type Books
Holdings
Lost status Source of classification or shelving scheme Damaged status Not for loan Collection code Permanent Location Current Location Shelving location Date acquired Source of acquisition Cost, normal purchase price Full call number Date last seen Copy number Koha item type Total Checkouts Checked out Date checked out
  Dewey Decimal Classification   Not For Loan Non-fiction Central Library, University of Rajshahi Central Library, University of Rajshahi Reading Room 19/06/2023 Rajshahi : Biddasagar 1280.00 B 954.14 SEB V-1 2023 13/08/2023 C-1 Books      
  Dewey Decimal Classification     Non-fiction Central Library, University of Rajshahi Central Library, University of Rajshahi General Stacks 19/06/2023 Rajshahi : Biddasagar 1280.00 B 954.14 SEB V-1 2023 22/04/2026 C-2 Books 2 07/05/2026 22/04/2026
  Dewey Decimal Classification   Not For Loan Non-fiction Central Library, University of Rajshahi Central Library, University of Rajshahi Reading Room 19/06/2023 Rajshahi : Biddasagar 1280.00 B 954.14 SEB V-2 2019 13/08/2023 C-1 Books      
  Dewey Decimal Classification     Non-fiction Central Library, University of Rajshahi Central Library, University of Rajshahi General Stacks 19/06/2023 Rajshahi : Biddasagar 1280.00 B 954.14 SEB V-2 2019 30/06/2024 C-2 Books 1   04/06/2024